00598nam a2200169 a 450000100100000000500170001000800410002704000250006808200160009310000230010924500680013226000350020030000220023550000880025750400270034571000560037200000568520251120073731.0090821s2001 dr 000 0 spa d aDO-SdBNPbspacBNPHU axxxxbM534e1 aMena Peguero, Rita13aLa economía y las reformas económicas /cRita Mena Peguero. aSanto Domingo :bPUCMM,c2001. a65 p. ; :b21 cm. aProyecto para el apoyo a iniciativas democraticas, reformas económicas y sociales abibliografía : p. 612 aPontificia Universidad Católica Madre y Maestra